El Corán / (Record no. 92678)

MARC details
000 -LEADER
campo de control de longitud fija 00580nam a2200217 i 4500
001 - NÚMERO DE CONTROL
campo de control 92678
003 - IDENTIFICADOR DE NÚMERO DE CONTROL
campo de control ES-MaACL
005 - FECHA Y HORA DE LA ÚLTIMA TRANSACCIÓN
campo de control 20230906181031.0
007 - CAMPO FIJO DE DESCRIPCIÓN FÍSICA--INFORMACIÓN GENERAL
campo de control de longitud fija t|
008 - DATOS DE LONGITUD FIJA--INFORMACIÓN GENERAL
campo de control de longitud fija 050415s1992 sp ||||1| spa d
020 ## - NÚMERO INTERNACIONAL ESTÁNDAR DEL LIBRO
Número Internacional Estándar del Libro 84-254-1570-5
080 ## - NÚMERO DE LA CLASIFICACIÓN DECIMAL UNIVERSAL
Número de la Clasificación Decimal Universal 297.18
130 0# - ENTRADA PRINCIPAL--TÍTULO UNIFORME
Título uniforme Corán.
Lenguaje de la obra Español.
9 (RLIN) 120330
245 13 - MENCIÓN DEL TÍTULO
Título El Corán /
Mención de responsabilidad, etc. edición preparada por Julio Cortés.
250 ## - MENCION DE EDICION
Mención de edición 4ª ed. rev.
260 ## - PUBLICACIÓN, DISTRIBUCIÓN, ETC.
Lugar de publicación, distribución, etc. Barcelona :
Nombre del editor, distribuidor, etc. Herder,
Fecha de publicación, distribución, etc. 1992.
300 ## - DESCRIPCIÓN FÍSICA
Extensión 784 p. ;
Dimensiones 18 cm.
630 04 - PUNTO DE ACCESO ADICIONAL DE MATERIA--TÍTULO UNIFORME
Título uniforme Corán.
9 (RLIN) 11361
700 1# - ENTRADA AGREGADA--NOMBRE PERSONAL
Nombre de persona Cortés, Julio.
9 (RLIN) 40862
852 ## - LOCALIZACIÓN
Ubicación ES-MaACL
Número de control de estantería E-10973
Sublocalización o colección R.134788
Holdings
Estatus retirado Estado de pérdida Estado de daño No para préstamo Biblioteca de origen Biblioteca actual Ubicación en estantería Fecha de adquisición Fuente de adquisición Total de préstamos Signatura topográfica completa Código de barras Visto por última vez Precio de reemplazo Tipo de ítem Koha
        Biblioteca del Ateneo de Madrid Biblioteca del Ateneo de Madrid Depósito 2 17/01/2008     E-10973 1096752 23/02/2023 23/02/2023 Libro impreso